Statistieken voor Olympische goden

Klik hier om de quiz te nemen!

Algemene statistieken

  • Deze quiz is 488 keer genomen
    (461 sinds de laatste reset)
  • De gemiddelde score is 16 van 40

Antwoordstatistieken

BeschrijvingCultuurGod% Correct
OppergodGrieksZeus
96%
God van de OorlogRomeinsMars
72%
OppergodRomeinsJupiter
71%
God van de ZeeënGrieksPoseidon
71%
God van de OnderwereldGrieksHades
68%
Godin van de LiefdeGrieksAphrodite
65%
God van de ZeeënRomeinsNeptunus
63%
Godin van het HuwelijkGrieksHera
61%
Godin van de LiefdeRomeinsVenus
61%
Godin van de WijsheidGrieksAthena
58%
God van de OorlogGrieksAres
51%
God van de HandelRomeinsMercurius
50%
God van de ReddingGrieksApollo
47%
God van de ReddingRomeinsApollo
47%
God van de OnderwereldRomeinsPluto
46%
Godin van de JachtGrieksArtemis
45%
God van de WijnRomeinsBacchus
42%
God van de LiefdeRomeinsCupido
42%
God van de WijnGrieksDionysos
42%
God van de HandelGrieksHermes
41%
Godin van de JachtRomeinsDiana
35%
Godin van het HuwelijkRomeinsJuno
34%
Godin van de LandbouwGrieksDemeter
33%
God van de LiefdeGrieksEros
31%
God van de TijdRomeinsSaturnus
31%
God van de TijdGrieksKronos
29%
Godin van de WijsheidRomeinsMinerva
28%
God van het VuurGrieksHepaistos
25%
Godin van de OverwinningGrieksNike
25%
Godin van de LandbouwRomeinsCeres
22%
Godin van de OnderwereldGrieksPersephone
22%
God van het VuurRomeinsVulcanus
21%
Godin van de FamilieGrieksHestia
19%
Godin van de OverwinningRomeinsVictoria
16%
Godin van de FamilieRomeinsVesta
14%
Godin van de DageraadGrieksEos
8%
Godin van de OnderwereldRomeinsProserpina
7%
Schenkster van de godenGrieksHebe
6%
Godin van de DageraadRomeinsAurora
4%
Schenkster van de godenRomeinsJuventas
1%

Scoreverdeling

Percentiel versus Aantal Correcte Antwoorden

Procent van Mensen met Elke Score

Uw Scoregeschiedenis

U heeft deze quiz nog niet genomen sinds de laatste reset